|
|
|
|
| LEADER |
02351nam a2200601 a 4500 |
| 001 |
nkc20102148956 |
| 003 |
CZ PrNK |
| 005 |
20190523185841.0 |
| 007 |
ta |
| 008 |
101105s2010 xr agh f 001 0 cze |
| 015 |
|
|
|a cnb002148956
|
| 020 |
|
|
|a 978-80-7429-006-0
|q (váz.) :
|c Kč 598,00
|
| 035 |
|
|
|a (OCoLC)697267554
|
| 040 |
|
|
|a OLA001
|b cze
|d ABA001
|
| 041 |
0 |
|
|a cze
|b eng
|b fre
|b ger
|b rus
|
| 043 |
|
|
|a e------
|
| 072 |
|
7 |
|a 398
|x Folklor. Lidové tradice
|2 Konspekt
|9 1
|
| 080 |
|
|
|a 398.332.416
|2 MRF
|
| 080 |
|
|
|a 27-565.3
|2 MRF
|
| 080 |
|
|
|a 398.1
|2 MRF
|
| 080 |
|
|
|a 316.75-028.78
|2 MRF
|
| 080 |
|
|
|a 27-1/-5
|2 MRF
|
| 080 |
|
|
|a 27-562/-565
|2 MRF
|
| 080 |
|
|
|a (4)
|2 MRF
|
| 080 |
|
|
|a (048.8)
|2 MRF
|
| 100 |
1 |
|
|a Večerková, Eva,
|d 1945-
|7 ola200205975
|4 aut
|
| 245 |
1 |
0 |
|a Evropské Vánoce :
|b v tradicích lidové kultury /
|c Eva Večerková, Věra Frolcová
|
| 246 |
3 |
|
|a Evropské Vánoce v tradicích lidové kultury
|
| 250 |
|
|
|a Vyd. 1.
|
| 260 |
|
|
|a Praha :
|b Vyšehrad,
|c 2010
|
| 300 |
|
|
|a 516 s. :
|b il. (převážně barev.), noty, faksim. ;
|c 25 cm
|
| 504 |
|
|
|a Obsahuje bibliografii, bibliografické odkazy a rejstříky
|
| 546 |
|
|
|a Anglické, francouzské, německé a ruské resumé
|
| 650 |
0 |
7 |
|a Vánoce
|7 ph117162
|z Evropa
|2 czenas
|
| 650 |
0 |
7 |
|a lidové tradice
|7 ph122320
|z Evropa
|2 czenas
|
| 650 |
0 |
7 |
|a kulturní tradice
|7 ph138956
|z Evropa
|2 czenas
|
| 650 |
0 |
7 |
|a náboženské tradice
|7 ph114546
|z Evropa
|2 czenas
|
| 650 |
0 |
7 |
|a křesťanské svátky
|7 ph115071
|z Evropa
|2 czenas
|
| 650 |
0 |
9 |
|a Christmas
|z Europe
|2 eczenas
|
| 650 |
0 |
9 |
|a folk traditions
|z Europe
|2 eczenas
|
| 650 |
0 |
9 |
|a cultural traditions
|z Europe
|2 eczenas
|
| 650 |
0 |
9 |
|a religious traditions
|z Europe
|2 eczenas
|
| 650 |
0 |
9 |
|a Christian feasts
|z Europe
|2 eczenas
|
| 655 |
|
7 |
|a monografie
|7 fd132842
|2 czenas
|
| 655 |
|
9 |
|a monographs
|2 eczenas
|
| 700 |
1 |
|
|a Frolcová, Věra,
|d 1956-
|7 xx0005750
|4 aut
|
| 856 |
4 |
1 |
|u http://www.digitalniknihovna.cz/mzk/uuid/uuid:f66e1710-f76f-11e7-a97b-005056827e51
|y Digitalizovaný dokument
|x NDK
|
| 910 |
2 |
|
|a BOA001
|b 2-1253.108
|
| 990 |
|
|
|a BK
|
| 995 |
|
|
|a 01
|
| 991 |
|
|
|b 201012
|c NOV
|j 398 VEČ
|e n
|
| 996 |
6 |
|
|b 2610455156
|c 2-1253.108
|l MZK
|r HSS 4p
|n 0
|p p.v.
|h 398 VEČ
|w 001158488
|u 000010
|a 0
|e BOA001
|j MZK50
|s P
|
| 996 |
6 |
|
|b 2610533206
|c 2-1253.108
|l MZK
|r Sklad / do 1 hodiny
|n 9
|p kup
|w 001158488
|u 000020
|a 1
|e BOA001
|j MZK50
|s P
|